Principles of Hindu law (Record no. 1437978)

MARC details
000 -LEADER
fixed length control field 00503nam a2200181Ia 4500
005 - DATE AND TIME OF LATEST TRANSACTION
control field 20250923144351.0
008 - FIXED-LENGTH DATA ELEMENTS--GENERAL INFORMATION
fixed length control field 008 250917s9999 xx 000 0 eng d
037 ## - SOURCE OF ACQUISITION
Stock number Reference
040 ## - CATALOGING SOURCE
Original cataloging agency DSWL
Language of cataloging eng
Transcribing agency DSWL
041 ## - LANGUAGE CODE
Language code of text/sound track or separate title eng
Source of code eng
084 ## - COLON CLASSIFICATION NUMBER
Classification number ZQ2, H6
Assigning agency DSWL
100 ## - MAIN ENTRY--PERSONAL NAME
Personal name Mulla, D.F.
9 (RLIN) 824170
245 #0 - TITLE STATEMENT
Title Principles of Hindu law
Statement of responsibility, etc. by D.F. Mulla
260 ## - PUBLICATION, DISTRIBUTION, ETC.
Place of publication, distribution, etc. Calcutta
Name of publisher, distributor, etc. Eastern House
Date of publication, distribution, etc. 1946
300 ## - PHYSICAL DESCRIPTION
Extent 753 p.
942 ## - ADDED ENTRY ELEMENTS (KOHA)
Koha item type Reference
Classification part ZQ2, H6
Holdings
Withdrawn status Lost status Damaged status Not for loan Home library Current library Date acquired Total Checkouts Full call number Barcode Date last seen Price effective from Koha item type
        Department of Social Work Library Department of Social Work Library 2025-09-23   ZQ2, H6 SW0001887 2025-09-23 2025-09-23 Reference
Copyright @ Delhi University Library System